| 000 | 02011nam0a2200361 4500 | ||
|---|---|---|---|
| 001 | RU\NLR\BIBL_A\022623573 | ||
| 005 | 20251121115211.0 | ||
| 010 |
_a978-5-6050510-0 _94000 |
||
| 021 |
_aRU _bКН-П-25-044883 _9КН-П-25-4364 |
||
| 035 | _a(NLR Aleph) 022623573 | ||
| 090 |
_a13465609 _c13465609 |
||
| 100 | _a20250917d2025 u y0rusy50 ca | ||
| 101 | 0 | _arus | |
| 102 | _aRU | ||
| 105 | _aach z 000yb | ||
| 181 | 0 |
_ai3 _baxxe |
|
| 182 | 0 | _an | |
| 200 | 1 |
_aЯ всегда с тобой _eвоспоминания духовных чад о старце схиархимандрите Власии _eнаставления и советы _fсоставитель и редактор: Чепурина Таисия Сергеевна |
|
| 203 |
_aТекст _bвизуальный _cнепосредственный |
||
| 210 |
_aМосква _c[б. и.] _d2025 |
||
| 215 |
_a495 с., [6] л. цв. ил., портр., факс. _cил., портр., факс. _d22 |
||
| 300 | _aИз. на средства Чепуриной Т. С. | ||
| 311 | _aПродолж. кн. "Старец Пафнутьево-Боровского монастыря схиархимандрит Власий" | ||
| 488 | 0 | _12001#$aСтарец Пафнутьево-Боровского монастыря схиархимандрит Власий | |
| 600 | 0 |
_aВласий _cПерегонцев, Анатолий Владимирович _cсхиархимандрит _f1934 - 2021 _jВоспоминания, записки и т.п _2nlr_sh2 _3RU\NLR\AUTH\6601719306 |
|
| 686 | 2 | _aЭ372.24-374-028,13 | |
| 702 | 0 |
_aВласий _cПерегонцев, Анатолий Владимирович _cсхиархимандрит _f1934-2021 _3RU\NLR\AUTH\770252751 _4280 |
|
| 702 | 1 |
_aЧепурина _bТ. С. _f1941- _gТаисия Сергеевна _3RU\NLR\AUTH\770252818 _4220 |
|
| 942 | _cBOOK | ||
| 980 | _aNB | ||